000 00676nam a22002175i 4500
001 176031
003 ES-MaACL
005 20230906215954.0
008 101210s1960 sp a |||| | spa d
080 _a658.84:656.8
100 1 _aGama, Rafael.
_9144252
245 1 0 _aVentas y propaganda por correo /
_cpor Rafael Gama.
250 _a2ยช ed.
260 _aBarcelona :
_bJuan Bruguer,
_c1960.
300 _a204 p. :
_bil. bl. y n. ;
_c22 cm.
490 1 _aBiblioteca moderna de publicidad ;
_vIV
650 0 4 _aVenta por correo.
_917763
830 0 _aBiblioteca moderna de publicidad ;
_vIV
_9189904
852 _aES-MaACL
_jE-13767
_xOlim P-1022
999 _c176031
_d176031